A companion to Plato's Republic (Record no. 8299)
[ view plain ]
| 000 -LEADER | |
|---|---|
| fixed length control field | 00498nam a2200205Ia 4500 |
| 003 - CONTROL NUMBER IDENTIFIER | |
| control field | 0100 |
| 008 - FIXED-LENGTH DATA ELEMENTS--GENERAL INFORMATION | |
| fixed length control field | 130303s9999 xx 000 0 und d |
| 040 ## - CATALOGING SOURCE | |
| Transcribing agency | ARRUPELIB |
| 050 ## - LIBRARY OF CONGRESS CALL NUMBER | |
| Classification number | JC71.P6W47 |
| 300 ## - PHYSICAL DESCRIPTION | |
| Other physical details | 275p. 24cm |
| 100 ## - MAIN ENTRY--PERSONAL NAME | |
| Personal name | White, Nicholas P |
| 245 #2 - TITLE STATEMENT | |
| Title | A companion to Plato's Republic |
| 260 ## - PUBLICATION, DISTRIBUTION, ETC. (IMPRINT) | |
| Place of publication, distribution, etc | Indianapolis |
| 260 ## - PUBLICATION, DISTRIBUTION, ETC. (IMPRINT) | |
| Name of publisher, distributor, etc | Hackett Pub. Co. |
| 260 ## - PUBLICATION, DISTRIBUTION, ETC. (IMPRINT) | |
| -- | 1979 |
| 300 ## - PHYSICAL DESCRIPTION | |
| Extent | viii |
| 650 ## - SUBJECT ADDED ENTRY--TOPICAL TERM | |
| Topical term following geographic name as entry element | Europe --church history --19th century |
| 700 ## - ADDED ENTRY--PERSONAL NAME | |
| Personal name | Nicholas P White |
| 942 00 - ADDED ENTRY ELEMENTS (KOHA) | |
| Koha issues (borrowed), all copies | 6 |
| Withdrawn status | Lost status | Source of classification or shelving scheme | Damaged status | Not for loan | Collection code | Home library | Current library | Shelving location | Date acquired | Total Checkouts | Full call number | Barcode | Date last seen | Date checked out | Copy number | Price effective from | Koha item type |
|---|---|---|---|---|---|---|---|---|---|---|---|---|---|---|---|---|---|
| Library of Congress Classification | Main Collection | ARRUPE LIBRARY | ARRUPE LIBRARY | 04/03/2013 | 12 | JC71.P6W47 | 46003087247 | 23/11/2023 | 14/11/2023 | 1 | 04/03/2013 | Monograph ( Printed materials) |